=LDR 00000nam 2200000 4500 =001 INLIS000000000012358 =005 20130612103905 =008 ***********************************Ind** =035 ##$$0010-061300000012358 =041 ##$$a Ind =082 ##$$a 388.044 072 =090 ##$$a 388.044 072, Adl e =100 ##$$a Adlan, Hans A =245 ##$$a Evaluasi ekonomi Proyek-proyek pengangkutan, Hans A. Adlan =260 ##$$a 1980 $b Jakarta =300 ##$$a ix,240 hlm., 21 cm =650 ##$$a Pengangkutan ekonomi penelitian =850 ##$$a NBPNMAT